| 000 | 00649nam a2200193 i 4500 | ||
|---|---|---|---|
| 001 | 165611 | ||
| 003 | ES-MaACL | ||
| 005 | 20260217063017.0 | ||
| 008 | 981120s1899 fr |||| | fre d | ||
| 040 |
_aCCPB | B _bspa _cCCPB | B |
||
| 100 | 1 |
_aSoubies, Albert, _d1846-1918 _9132849 |
|
| 245 | 1 | 0 |
_aHistoire de la musique _b: Suisse / _cpar Albert Soubies. |
| 260 |
_aParis : _bLibrairie des Bibliophiles, _c1899 ( _fLéopold Cerf) |
||
| 300 |
_a[4], 132, [4] p. ; _c16 cm. |
||
| 596 | _aDatos de impresor tomados de colofón. | ||
| 650 | 7 |
_aMúsica suiza _2 _9170146 |
|
| 852 |
_aES-MaACL _jG-2424 _z-- Rust. |
||
| 999 |
_c165611 _d165611 |
||